| 000 | 00737nam a2200193Ia 4500 | ||
|---|---|---|---|
| 001 | 14187 | ||
| 003 | GE_BSU | ||
| 008 | 181216s||||||||xx |||||||||||||| ||und|| | ||
| 040 | _cGE_BSU | ||
| 245 | _aსაქართველოს ბიბლიოთეკა: №4(57) 2014 | ||
| 245 | _bჟურნალი გამოდის წელიწადში ოთხჯერ. | ||
| 245 | _cრედ.: ალექსანდრე ლორია, გურამ თაყნიაშვილი. | ||
| 260 | _aთბილისი | ||
| 260 | _c2014 | ||
| 300 | _a48გვ.29სმ. | ||
| 653 | _aპერიოდიკა | ||
| 653 | _aსაქართველოს ბიბლიოთეკა | ||
| 942 | _cCR | ||
| 999 |
_c47326 _d47326 |
||